[Event "Chess.com Classic Winners"]
[Site "chess.com INT"]
[Date "2025.05.20"]
[Round "2.3"]
[White "Abdusattorov,Nodirbek"]
[Black "Wei Yi"]
[Result "1-0"]
[WhiteElo "2771"]
[BlackElo "2758"]

1.e4 c5 2.Nf3 d6 3.d4 cxd4 4.Nxd4 Nf6 5.Bd3 g6 6.c4 Bg7 7.Nc3 Nc6 8.Nde2 O-O
9.O-O a6 10.b3 Ne5 11.a4 Nxd3 12.Qxd3 Nd7 13.Be3 Nc5 14.Qc2 f5 15.Rad1 Nxe4
16.Nxe4 fxe4 17.Qxe4 Qc7 18.Nd4 Kh8 19.Ne6 Bxe6 20.Qxe6 Rf6 21.Qe4 Qc6 22.Rd5 Raf8
23.Rfd1 R6f7 24.h4 Kg8 25.Qg4 Qc8 26.Qe4 Rf6 27.c5 Re6 28.Qc4 Rf7 29.b4 Re5
30.R5d3 Qe6 31.Qxe6 Rxe6 32.cxd6 exd6 33.Rxd6 Rxd6 34.Rxd6 Bf6 35.g3 Kg7
36.Kg2 Rc7 37.Kf3 Be7 38.Rd4 Bf6 39.Rd5 Kf7 40.Bc5 Be7 41.Ke4 a5 42.Bxe7 Rxe7+
43.Re5 Rc7 44.bxa5 Rc4+ 45.Kd5 Rxa4 46.Kd6 Ra2 47.Rb5 Rxf2 48.Kc7 Rg2 49.Kxb7 Rxg3
50.a6 Ra3 51.a7  1-0

[Event "Chess.com Classic Winners"]
[Site "chess.com INT"]
[Date "2025.05.20"]
[Round "2.2"]
[White "Wei Yi"]
[Black "Abdusattorov,Nodirbek"]
[Result "1/2-1/2"]
[WhiteElo "2758"]
[BlackElo "2771"]

1.Nf3 d5 2.b3 Bf5 3.Bb2 e6 4.d3 h6 5.Nbd2 Nf6 6.e4 Bh7 7.exd5 Nxd5 8.g3 Nd7
9.Bg2 N7f6 10.a3 Be7 11.O-O O-O 12.d4 c6 13.c4 Nb6 14.Qe2 Nbd7 15.Rad1 a5
16.Rfe1 Qb6 17.h4 Rfe8 18.Ne5 Rad8 19.c5 Qc7 20.Ndc4 Bf8 21.Bc3 Ra8 22.Qd2 a4
23.Ba5 Qb8 24.bxa4 Qa7 25.Nxd7 Nxd7 26.Re3 Nf6 27.Rb3 Re7 28.Re1 Rd7 29.Qb2 Be7
30.Bf1 Nd5 31.Bd2 Qxa4 32.Rxb7 Rxb7 33.Qxb7 Rf8 34.Bb4 Bf6 35.Nb6 Qc2 36.Re2 Qd1
37.Nd7 Bxd4 38.Nxf8 Bd3 39.Qc8 Bxe2 40.Nxe6+ Kh7 41.Nf8+ Kg8 42.Ng6+ Kh7
43.Nf8+ Kg8 44.Ng6+ Kh7 45.Nf8+  1/2-1/2

[Event "Chess.com Classic Winners"]
[Site "chess.com INT"]
[Date "2025.05.20"]
[Round "2.1"]
[White "Abdusattorov,Nodirbek"]
[Black "Wei Yi"]
[Result "1-0"]
[WhiteElo "2771"]
[BlackElo "2758"]

1.c4 Nf6 2.Nc3 c5 3.Nf3 e6 4.e4 Nc6 5.d4 d5 6.exd5 exd5 7.Bg5 Be7 8.dxc5 Be6
9.Be2 O-O 10.O-O dxc4 11.Qa4 Nd7 12.Be3 Bxc5 13.Bxc5 Nxc5 14.Qb5 Qe7 15.Rfe1 a6
16.Qb6 Nd3 17.Bxd3 cxd3 18.Rad1 Qb4 19.Qxb4 Nxb4 20.a3 Nc2 21.Re4 Rfd8 22.Rd2 Rac8
23.a4 Na3 24.Ne5 Nb1 25.Rxd3 Nxc3 26.bxc3 Rxd3 27.Nxd3 Rxc3 28.Rd4 Kf8 29.f3 g5
30.h4 Rc4 31.Rd8+ Ke7 32.Rb8 Bc8 33.hxg5 Kd6 34.Ra8 Kc7 35.Ne5 Rxa4 36.Nxf7 Rf4
37.Nd6 Rf8 38.Ne4 Rg8 39.f4 Rg6 40.Nf6 h6 41.Nd5+ Kd6 42.Rxc8 Kxd5 43.gxh6 Rxh6
44.Kf2 a5 45.Ra8 b6 46.Kf3 Rc6 47.Kg4 Kc4 48.f5 Kb4 49.Kg5 a4 50.f6 Rc5+
51.Kg6 Rc2 52.g4 Rc6 53.Kg7 Rc5 54.f7  1-0

[Event "Chess.com Classic Losers"]
[Site "chess.com INT"]
[Date "2025.05.21"]
[Round "2.1"]
[White "Wei Yi"]
[Black "Aronian,L"]
[Result "1/2-1/2"]
[WhiteElo "2758"]
[BlackElo "2747"]

1.d4 d5 2.Bf4 Bf5 3.e3 e6 4.Nf3 Bd6 5.Bg3 Nf6 6.Bd3 Ne4 7.Nbd2 Nxg3 8.hxg3 Bxd3
9.cxd3 c6 10.g4 Nd7 11.Qe2 a5 12.g3 a4 13.a3 Qb6 14.Rb1 Ra5 15.O-O O-O 16.Kg2 Rb5
17.Qd1 Rxb2 18.Qxa4 Rb8 19.Rfc1 h6 20.g5 h5 21.g6 fxg6 22.Ng5 Nf8 23.Qd1 Rxb1
24.Rxb1 Qd8 25.f4 Bxa3 26.Ndf3 Be7 27.Qh1 Qa5 28.Kh3 Bxg5 29.Nxg5 Qd2 30.Rb3 Qxe3
31.Qa1 Nh7 32.Qa7 Nxg5+ 33.fxg5 Qc1 34.Qxb8+ Kh7 35.g4 hxg4+ 36.Kh4 Qe1+
37.Qg3 Qh1+ 38.Kxg4 Qd1+ 39.Kf4 Qxb3 40.Qh3+ Kg8 41.Qxe6+ Kh7 42.Qh3+ Kg8
43.Qe6+ Kh7 44.Qh3+ Kg8 45.Qe6+  1/2-1/2

[Event "Chess.com Classic Losers"]
[Site "chess.com INT"]
[Date "2025.05.21"]
[Round "2.2"]
[White "Aronian,L"]
[Black "Wei Yi"]
[Result "1/2-1/2"]
[WhiteElo "2747"]
[BlackElo "2758"]

1.e4 c5 2.Nc3 d6 3.Bb5+ Bd7 4.Bxd7+ Qxd7 5.Nge2 Nc6 6.d4 cxd4 7.Nxd4 Nf6
8.b3 Qg4 9.Qxg4 Nxg4 10.Nxc6 bxc6 11.Bb2 g6 12.Na4 f6 13.Rd1 O-O-O 14.Ke2 h5
15.f3 Ne5 16.Bd4 Rd7 17.Bxe5 fxe5 18.Rd3 Bh6 19.Rhd1 h4 20.h3 Rhd8 21.Rc3 Rc7
22.Nb2 c5 23.Rc4 e6 24.Ra4 Bf8 25.Nc4 Rdd7 26.Nb6+ axb6 27.Ra8+ Kb7 28.Rxf8 c4
29.Rf6 cxb3 30.cxb3 d5 31.Rxe6 Rc2+ 32.Rd2 Rxd2+ 33.Kxd2 dxe4+ 34.Ke3 exf3
35.gxf3 Rd1 36.Rxe5 Rh1 37.Rg5 Rxh3 38.Rxg6 Rh2 39.Rh6 Rxa2 40.Rxh4 Ra3 41.Rb4 Kc6
42.Kd4 b5 43.f4 Ra1 44.Ke5 Rb1 45.Kd4 Rf1 46.Kc3 Rf3+ 47.Kb2 Kc5 48.Re4 b4
49.Re5+ Kd4 50.Re2 Rxf4  1/2-1/2

[Event "Chess.com Classic Losers"]
[Site "chess.com INT"]
[Date "2025.05.21"]
[Round "2.3"]
[White "Wei Yi"]
[Black "Aronian,L"]
[Result "1/2-1/2"]
[WhiteElo "2758"]
[BlackElo "2747"]

1.e4 e6 2.d4 d5 3.Nc3 Nf6 4.e5 Nfd7 5.f4 c5 6.Nce2 Nc6 7.Nf3 Be7 8.c3 O-O
9.Be3 f6 10.Qd2 cxd4 11.Nexd4 Nc5 12.exf6 Rxf6 13.Bd3 Bd7 14.O-O Nxd3 15.Qxd3 Be8
16.Qd2 Bg6 17.Rae1 Bf5 18.Ne5 Nxd4 19.Bxd4 Bd6 20.Re3 Bxe5 21.Bxe5 Rg6 22.h3 Qh4
23.Kh2 Be4 24.Rg1 Rf8 25.g4 h5 26.Rxe4 dxe4 27.g5 Rf5 28.Qe3 Kh7 29.Rg2 Rf7
30.Qxe4 Rd7 31.Qe2 Rf7 32.Qe3 Rd7 33.Rd2 Rf7 34.Qg3 Qxg3+ 35.Kxg3 Rf5 36.h4 Rf7
37.Rd8 b5 38.Kf3 Rb7 39.b4 Rb6 40.Ke4 Ra6 41.Rd2 Kg8 42.Bd6 Ra3 43.Rc2 a5
44.bxa5 Rxa5 45.Bb4 Ra8 46.Ke5 Rd8 47.Bd6 Rc8 48.a3 Kh7 49.Bb4 Rd8 50.Bd6 Rc8
51.a4 bxa4 52.c4 Ra8 53.Ra2 Ra5+ 54.Kd4 e5+ 55.fxe5 Re6 56.c5 Re8 57.c6 Rc8
58.c7 Kg6 59.Rb2 a3 60.Ra2 Kf5 61.Kc4 Ke6 62.Kb4 Ra7 63.Rxa3 Raxc7 64.Bxc7 Rxc7
65.Ra6+ Kxe5 66.Ra5+ Kf4 67.Rd5 Kg3 68.Rd4 Rf7 69.Kc5 Rf4 70.Rd7 Kxh4 71.Rxg7 Rf5+
72.Kd4 Rxg5 73.Rxg5 Kxg5 74.Ke3 h4 75.Kf2 h3 76.Kg1 h2+ 77.Kxh2  1/2-1/2

[Event "13th Norway Chess 2025"]
[Site "Stavanger NOR"]
[Date "2025.05.26"]
[Round "1.1"]
[White "Wei Yi"]
[Black "Erigaisi,Arjun"]
[Result "1/2-1/2"]
[WhiteElo "2758"]
[BlackElo "2782"]

1.e4 e6 2.d4 d5 3.Nd2 c5 4.Ngf3 cxd4 5.Nxd4 Nc6 6.Bb5 Bd7 7.Nxc6 Bxc6 8.Bxc6+ bxc6
9.c4 Nf6 10.Qa4 Qc7 11.cxd5 exd5 12.O-O Be7 13.b3 O-O 14.Bb2 Rfd8 15.Rac1 Qf4
16.e5 Qxa4 17.bxa4 Ne4 18.Nxe4 dxe4 19.Rxc6 Rd2 20.Bc1 Rxa2 21.Rc4 a5 22.Be3 Bb4
23.Rfc1 h6 24.g4 Rxa4 25.Rxe4 Ra3 26.Rc7 Rc3 27.Rb7 Rac8 28.e6 R3c7 29.exf7+ Kxf7
30.Rbxb4 axb4 31.Rxb4 Rc4 32.Rxc4 Rxc4 33.h3 h5 34.gxh5 Rh4 35.h6 gxh6 36.Kg2 Kg6
37.Kg3 Re4 38.Kf3 Ra4 39.Kg3 h5 40.Kg2 Kf5 41.Kg3 Ra1 42.Kg2 Ke4 43.Bc5 Ra5
44.Be3 h4 45.Kh2 Kf3 46.Kh1 Ra6 47.Kh2 Rg6 48.Kh1 Ke2 49.Kh2 Kf1 50.Kh1 Rg2
51.Bd4 Rxf2 52.Bxf2 Kxf2 53.Kh2 Kf3  1/2-1/2

[Event "13th Norway Chess 2025"]
[Site "Stavanger NOR"]
[Date "2025.05.27"]
[Round "2.3"]
[White "Wei Yi"]
[Black "Caruana,F"]
[Result "0-1"]
[WhiteElo "2758"]
[BlackElo "2776"]

1.e4 c5 2.Nf3 Nc6 3.Bb5 e6 4.c3 d5 5.d3 Bd7 6.Qe2 Nge7 7.h4 h5 8.O-O d4 9.b4 a6
10.Ba4 Ng6 11.bxc5 Bxc5 12.Bxc6 Bxc6 13.cxd4 Bxd4 14.Nxd4 Qxd4 15.Bb2 Qd7
16.Na3 e5 17.Nc4 Qe6 18.g3 Rd8 19.Ne3 Ne7 20.f4 Bb5 21.Rad1 exf4 22.Rxf4 f6
23.Nf5 Nxf5 24.Rxf5 Qxa2 25.Rxh5 O-O 26.Ra1 Qf7 27.Rf5 Rxd3 28.Rxb5 Qc4  0-1

[Event "13th Norway Armageddon"]
[Site "Stavanger NOR"]
[Date "2025.05.28"]
[Round "3.2"]
[White "Carlsen,M"]
[Black "Wei Yi"]
[Result "0-1"]
[WhiteElo "2837"]
[BlackElo "2758"]

1.d4 Nf6 2.Bf4 g6 3.Nc3 d5 4.e3 Bg7 5.h4 h5 6.Nf3 O-O 7.Ne5 c5 8.Qd2 Bf5
9.f3 cxd4 10.exd4 Nc6 11.Bb5 Nxe5 12.dxe5 Nd7 13.Bxd7 Qxd7 14.O-O-O Rac8
15.Qxd5 Rxc3 16.Qxd7 Rxc2+ 17.Kb1 Rxg2+ 18.Qxf5 gxf5 19.Rd7 Rc8 20.Rxe7 Rc4
21.Bc1 b5 22.Rd1 Rxh4 23.Rd8+ Kh7 24.Rxf7 Rh1 25.Rxf5 Kg6 26.Rf4 Rgg1 27.Rd6+ Kh7
28.a4 Rxc1+ 29.Ka2 Bxe5 30.Rf7+ Kg8 31.Rdd7 bxa4 32.Ka3 Rc4  0-1

[Event "13th Norway Chess 2025"]
[Site "Stavanger NOR"]
[Date "2025.05.28"]
[Round "3.2"]
[White "Carlsen,M"]
[Black "Wei Yi"]
[Result "1/2-1/2"]
[WhiteElo "2837"]
[BlackElo "2758"]

1.d4 Nf6 2.c4 e6 3.Nf3 d5 4.g3 Be7 5.Bg2 O-O 6.O-O dxc4 7.Qc2 a6 8.a4 Bd7
9.Qxc4 Bc6 10.Bg5 Bd5 11.Qc2 Be4 12.Qc1 Nc6 13.e3 Bb4 14.Qd1 h6 15.Bxf6 Qxf6
16.Nc3 Bxc3 17.bxc3 Na5 18.Ne5 Bxg2 19.Kxg2 Rfd8 20.Qb1 Rac8 21.Rd1 c5 22.Qb6 cxd4
23.cxd4 Rd5 24.Rdc1 Qd8 25.Qb4 Rc7 26.Rc3 Rxc3 27.Qxc3 Rd6 28.Rb1 f6 29.Ng6 Qe8
30.Qc2 Kf7 31.h4 Qc6+ 32.Qxc6 Rxc6 33.h5 Rc4 34.Kf3 Ke8 35.Nf4 Ke7 36.g4 e5
37.Ng6+ Ke6 38.dxe5 fxe5 39.Rb6+ Rc6 40.Rb2 Rc4 41.Ra2 Nb3 42.Nh4 Nc5 43.Nf5 Rxa4
44.Rc2 b6 45.Rd2 Ne4 46.Nxg7+ Kf6 47.Rd7 Ng5+ 48.Kg3 Ne4+ 49.Kf3 Ng5+ 50.Kg3 Ne4+
51.Kf3  1/2-1/2

[Event "13th Norway Armageddon"]
[Site "Stavanger NOR"]
[Date "2025.05.31"]
[Round "5.2"]
[White "Wei Yi"]
[Black "Gukesh,D"]
[Result "1-0"]
[WhiteElo "2758"]
[BlackElo "2787"]

1.e4 c6 2.d4 d5 3.exd5 cxd5 4.Bd3 Nc6 5.c3 e6 6.Nf3 Bd6 7.O-O Nge7 8.Re1 O-O
9.Ng5 Nf5 10.Qh5 h6 11.Nf3 g6 12.Qh3 h5 13.Ne5 Bxe5 14.dxe5 f6 15.Bxf5 exf5
16.Qg3 Kh7 17.exf6 Qxf6 18.Bg5 f4 19.Qh4 Qf5 20.Nd2 Qg4 21.Nf3 Qxh4 22.Nxh4 Bd7
23.Rad1 Rae8 24.Rxe8 Rxe8 25.h3 Re2 26.Rxd5 Be8 27.b4 a6 28.Bxf4 Rxa2 29.Nf3 Kg8
30.Nd2 Ra1+ 31.Kh2 Rd1 32.Be3 Kf7 33.Rd6 Ke7 34.Rd5 Ke6 35.Rg5 Ne7 36.Nb3 Nf5
37.Nd4+ Nxd4 38.Bxd4 Kf7 39.Rd5 Re1 40.Be3 Bc6 41.Rd6 Re2 42.Kg3 Re1 43.Rd8 Re2
44.Rh8 Re1 45.Rh7+ Ke6 46.Rg7 Kf5 47.Bd4 Re6 48.f3 Rd6 49.Re7 g5 50.h4 gxh4+
51.Kxh4 Rg6 52.Re5+ Kf4 53.Re2 Rg8 54.Re6 Bd7 55.Rf6+ Bf5 56.g3+  1-0

[Event "13th Norway Chess 2025"]
[Site "Stavanger NOR"]
[Date "2025.05.31"]
[Round "5.2"]
[White "Wei Yi"]
[Black "Gukesh,D"]
[Result "1/2-1/2"]
[WhiteElo "2758"]
[BlackElo "2787"]

1.e4 c6 2.d4 d5 3.exd5 cxd5 4.Bd3 Nc6 5.c3 e6 6.Nf3 Bd6 7.O-O Nge7 8.Re1 O-O
9.c4 Nb4 10.c5 Nxd3 11.Qxd3 Bb8 12.Nc3 a5 13.Bg5 f6 14.Bh4 Nf5 15.Bg3 Nxg3
16.hxg3 Bd7 17.b3 Re8 18.a3 Re7 19.b4 b6 20.b5 Be8 21.Re3 Bc7 22.Rae1 Bf7
23.Na4 Rb8 24.Qe2 Rc8 25.Rc3 bxc5 26.dxc5 d4 27.Rd3 Rd7 28.b6 Bb8 29.Qd2 e5
30.Qxa5 Bd5 31.Nd2 f5 32.Qb4 Qf6 33.f4 exf4 34.Qxd4 Qxd4+ 35.Rxd4 Bc6 36.Rxd7 Bxd7
37.b7 Rd8 38.Nb6 Bc6 39.Ndc4 Bxb7 40.gxf4 Bxf4 41.Re7 Be4 42.Kf2 Rd3 43.Nc8 h5
44.N8d6 Rc3 45.Re8+ Kh7 46.Rf8 Bg3+ 47.Ke2 Bxg2 48.Ne3 Bh3 49.Nexf5 Be5 50.Ne4 Bg4+
51.Kd2 Rxa3 52.Ne7 Ra2+ 53.Kd3 Ra3+ 54.Kc4 Bf6 55.Nxf6+ gxf6 56.Rxf6 h4 57.c6 h3
58.Rf2 Rg3 59.Nd5 Kh6 60.Nf4 Kg5 61.c7 Rg1 62.Kd4 Rc1 63.Nd5 Rc6 64.Ke5 Kh4
65.Rb2 Bf3 66.Ne3 Rxc7 67.Kf4 Bc6 68.Nf5+ Kh5 69.Rb8 Kg6 70.Rh8 Bd7 71.Rh6+ Kf7
72.Rxh3 Rc4+ 73.Kg5 Bxf5 74.Kxf5  1/2-1/2

[Event "13th Norway Chess 2025"]
[Site "Stavanger NOR"]
[Date "2025.06.01"]
[Round "6.1"]
[White "Erigaisi,Arjun"]
[Black "Wei Yi"]
[Result "1/2-1/2"]
[WhiteElo "2782"]
[BlackElo "2758"]

1.d4 Nf6 2.c4 e6 3.Nf3 d5 4.Nc3 c5 5.cxd5 cxd4 6.Nxd4 Nxd5 7.Bd2 Nf6 8.e3 Bc5
9.Nb3 Be7 10.Be2 Nc6 11.O-O O-O 12.Rc1 e5 13.Qc2 Be6 14.Rfd1 Nb4 15.Qb1 Nxa2
16.Qxa2 Qb6 17.Nb5 a6 18.Qa5 Qxa5 19.Nxa5 axb5 20.Bxb5 Ne4 21.Be1 Nd6 22.Be2 Rfc8
23.Bb4 Rxc1 24.Rxc1 Kf8 25.Rd1 Ne4 26.Be1 Rc8 27.Bf3 Nd6 28.Nxb7 Nxb7 29.Bxb7 Rb8
30.Bd5 Bxd5 31.Rxd5 Rxb2  1/2-1/2

[Event "13th Norway Chess 2025"]
[Site "Stavanger NOR"]
[Date "2025.06.02"]
[Round "7.3"]
[White "Caruana,F"]
[Black "Wei Yi"]
[Result "1-0"]
[WhiteElo "2776"]
[BlackElo "2758"]

1.Nf3 Nf6 2.g3 c5 3.Bg2 d5 4.O-O g6 5.d3 Bg7 6.Be3 d4 7.Bf4 O-O 8.c3 Be6
9.Qa4 Nc6 10.Ne5 Nd5 11.Nxc6 bxc6 12.Bd2 c4 13.dxc4 Nb6 14.Qc2 Nxc4 15.cxd4 Nxd2
16.Nxd2 Qxd4 17.b3 a5 18.Rad1 a4 19.Bxc6 Rac8 20.Nc4 axb3 21.axb3 Qc3 22.Qxc3 Bxc3
23.Bd5 Bh3 24.Bg2 Be6 25.Nb6 Rb8 26.Nd7 Bxd7 27.Rxd7 e6 28.Bb7 Rfd8 29.Rxd8+ Rxd8
30.Rc1 Ba5 31.Ba6 Rd2 32.Rc5 Ra2 33.Bc4 Bb4 34.Rb5 Be7 35.Rb7 Kf8 36.Kg2 g5
37.Bd3 Rb2 38.f4 gxf4 39.gxf4 h5 40.Kf3 h4 41.h3 Bd6 42.Kg4 Ra2 43.f5 Ra1
44.fxe6 fxe6 45.Bc4 Rg1+ 46.Kh5 e5 47.e4 Re1 48.Bd5 Be7 49.b4 Re3 50.b5 Rxh3
51.b6 Bc5 52.Rb8+ Ke7 53.b7 Bd6 54.Ra8 Rf3 55.b8=Q  1-0

[Event "13th Norway Chess 2025"]
[Site "Stavanger NOR"]
[Date "2025.06.03"]
[Round "8.2"]
[White "Wei Yi"]
[Black "Carlsen,M"]
[Result "1/2-1/2"]
[WhiteElo "2758"]
[BlackElo "2837"]

1.e4 e5 2.Nf3 Nc6 3.Nc3 Nf6 4.Bb5 Bd6 5.d3 h6 6.a3 a6 7.Ba4 Bc5 8.Bxc6 dxc6
9.Nxe5 Qd4 10.Be3 Qxe5 11.d4 Qe7 12.dxc5 Nxe4 13.Nxe4 Qxe4 14.Qd4 Qxd4 15.Bxd4 f6
16.Kd2 Kf7 17.Kc3 Bf5 18.Rad1 Rad8 19.f3 h5 20.h4 Rhe8 21.Bf2 Rxd1 22.Rxd1 g5
23.Re1 Rxe1 24.Bxe1 Ke6 25.Bg3 Kd5 26.b4 b5 27.hxg5 fxg5 28.Bxc7 g4 29.fxg4 Bxg4
30.g3 Ke4 31.Kd2  1/2-1/2

[Event "13th Norway Armageddon"]
[Site "Stavanger NOR"]
[Date "2025.06.03"]
[Round "8.2"]
[White "Wei Yi"]
[Black "Carlsen,M"]
[Result "1-0"]
[WhiteElo "2758"]
[BlackElo "2837"]

1.e4 e5 2.Bc4 Nf6 3.d3 c6 4.Nf3 Be7 5.O-O d6 6.c3 Nbd7 7.Re1 Nf8 8.Qb3 Ne6
9.d4 Qc7 10.Nbd2 O-O 11.Bf1 Re8 12.a4 a5 13.Nc4 exd4 14.Nb6 Rb8 15.cxd4 Bd8
16.Nxc8 Rxc8 17.Bd2 Qb6 18.Qd3 d5 19.e5 Ne4 20.Be3 Be7 21.Red1 Red8 22.Qb1 c5
23.Bb5 cxd4 24.Nxd4 Nxd4 25.Bxd4 Bc5 26.Qd3 g6 27.Qe3 Bxd4 28.Rxd4 Ng5 29.Qd2 Rc2
30.Qxg5 Rxf2 31.Qxd8+ Qxd8 32.Kxf2 Qc7 33.Rxd5 Qb6+ 34.Ke2 Qe6 35.Rad1 Qf5
36.R1d4 Qc2+ 37.Kf3 Kg7 38.h3 h5 39.Rd7 g5 40.Bc4 Qf5+ 41.Ke2 Qxe5+ 42.Kd1 Qh2
43.R4d6 Qg1+ 44.Kc2 Qxg2+ 45.Kb3 Kf8 46.Rxf7+ Ke8 47.Rg6  1-0

[Event "13th Norway Chess 2025"]
[Site "Stavanger NOR"]
[Date "2025.06.05"]
[Round "9.2"]
[White "Gukesh,D"]
[Black "Wei Yi"]
[Result "1-0"]
[WhiteElo "2787"]
[BlackElo "2758"]

1.e4 e5 2.Nf3 Nf6 3.Nxe5 d6 4.Nf3 Nxe4 5.Nc3 Nxc3 6.dxc3 Be7 7.Be3 O-O 8.Qd3 Nd7
9.O-O-O Nc5 10.Qc4 Be6 11.Qf4 d5 12.Nd4 Bd6 13.Qf3 Qd7 14.h3 c6 15.g4 f5
16.g5 f4 17.Bd2 Rae8 18.Rg1 Bf5 19.Nxf5 Qxf5 20.c4 Ne4 21.Bd3 Qe5 22.Rde1 Bc5
23.cxd5 cxd5 24.Re2 Nxd2 25.Bxh7+ Kh8 26.Rxd2 Kxh7 27.Rxd5 Qe2 28.g6+ Kg8
29.Qb3 Be3+ 30.Kb1 Kh8 31.fxe3 Rxe3 32.Qb4 Rc8 33.Rc1 Re4 34.Qa5 Kg8 35.b3 Ree8
36.Qxa7 Qe6 37.Qd4 f3 38.Rg5 Qe4 39.Qxe4 Rxe4 40.Rf5  1-0

[Event "15th Nat Games Tm Prelim"]
[Site "Huairou District CHN"]
[Date "2025.06.11"]
[Round "1.1"]
[White "Xu,Minghui"]
[Black "Wei Yi"]
[Result "0-1"]
[WhiteElo "2454"]
[BlackElo "2758"]

1.c4 e5 2.Nc3 Bb4 3.Nd5 a5 4.g3 Ne7 5.Bg2 O-O 6.a3 Bc5 7.e3 Nxd5 8.cxd5 d6
9.Ne2 Nd7 10.O-O Nf6 11.b3 h5 12.Bb2 h4 13.h3 hxg3 14.fxg3 Bd7 15.g4 c6 16.dxc6 Bxc6
17.Ng3 Nd5 18.Ne4 Nf4 19.Qf3 Qh4 20.d4 Nxg2 21.dxc5 f5 22.Qxg2 Bxe4 23.Qh2 fxg4  0-1

[Event "15th Nat Games Tm Prelim"]
[Site "Huairou District CHN"]
[Date "2025.06.11"]
[Round "2.13"]
[White "Wei Yi"]
[Black "Wang Yue"]
[Result "1/2-1/2"]
[WhiteElo "2758"]
[BlackElo "2627"]

1.g3 d5 2.Nf3 g6 3.Bg2 Bg7 4.O-O Nf6 5.d4 O-O 6.c4 c6 7.Ne5 Ng4 8.Nf3 Nf6
9.cxd5 cxd5 10.Ne5 Ng4 11.Nxg4 Bxg4 12.Nc3 Nc6 13.h3 Bd7 14.Nxd5 e6 15.Nc3 Nxd4
16.Bxb7 Rb8 17.Bg2 Bc6 18.Rb1 Bxg2  1/2-1/2

[Event "15th Nat Games Tm Prelim"]
[Site "Huairou District CHN"]
[Date "2025.06.11"]
[Round "3.13"]
[White "Cai,Chaoruo"]
[Black "Wei Yi"]
[Result "0-1"]
[WhiteElo "2258"]
[BlackElo "2758"]

1.d4 g6 2.Nf3 Bg7 3.g3 c5 4.Bg2 cxd4 5.Nxd4 Nc6 6.Nxc6 bxc6 7.O-O Rb8 8.Nc3 Nf6
9.e4 O-O 10.e5 Ne8 11.Re1 Qa5 12.Bg5 Rxb2 13.Qd2 f6 14.exf6 exf6 15.Bf4 f5
16.Re3 Nf6 17.Bd6 Re8 18.Bf1 Ba6 19.Rxe8+ Nxe8 20.Re1 Nf6 21.Be5 Bxf1 22.Bxf6 Bxf6
23.Re8+ Kg7 24.Qxd7+ Kh6 25.Nd1 Rxc2 26.Qd6 Be2 27.Rxe2 Rxe2 28.Qxf6 Re1+
29.Kg2 Qd5+ 30.Kh3 Qxd1  0-1

[Event "15th Nat Games Tm Prelim"]
[Site "Huairou District CHN"]
[Date "2025.06.12"]
[Round "4.9"]
[White "Wei Yi"]
[Black "Wang,Yiye"]
[Result "1-0"]
[WhiteElo "2758"]
[BlackElo "2448"]

1.Nf3 Nf6 2.c4 e6 3.b3 b6 4.g3 Bb7 5.Bg2 c5 6.O-O Be7 7.Bb2 O-O 8.e3 Nc6
9.Nc3 Rc8 10.Qe2 d5 11.d3 Qd7 12.Rfd1 Rfd8 13.d4 dxc4 14.dxc5 Qe8 15.cxb6 axb6
16.Rxd8 Nxd8 17.bxc4 Qc6 18.Rd1 Qxc4 19.Qxc4 Rxc4 20.Ne5 Rc8 21.Nb5 Bd5 22.Bxd5 exd5
23.Nc3 Ne6 24.Nxd5 Nxd5 25.Rxd5 Rc2 26.Rb5 Bc5 27.Nd3 h6 28.h4 Rd2 29.Ne5 h5
30.Kf1 f6 31.Nc4 Rc2 32.Nxb6 Nc7 33.Rb3 Kh7 34.Na4 Nd5 35.Rb5 Bxe3 36.Rxd5 Bxf2
37.Rd3 Kg6 38.a3 Ba7 39.Rf3 Kf7 40.Rc3 Rf2+ 41.Ke1 Kg6 42.Rc7 Be3 43.Re7 Rf3
44.Ke2 Rxg3 45.Rxe3 Rg4 46.Nc5 Rg2+ 47.Kd3 Rxb2 48.a4 Kf5 49.Kc4 Ra2 50.Kb3 Ra1
51.Kb2 Rd1 52.Nd3 g5 53.hxg5 fxg5 54.a5 Rd2+ 55.Kb3 Rd1 56.Rf3+ Ke6 57.a6 g4
58.a7 Ra1 59.Nc5+ Kd6 60.Na4 gxf3 61.a8=Q f2 62.Qf8+ Kd5  1-0

[Event "15th Nat Games Tm Prelim"]
[Site "Huairou District CHN"]
[Date "2025.06.12"]
[Round "5.1"]
[White "Li Chao2"]
[Black "Wei Yi"]
[Result "1/2-1/2"]
[WhiteElo "2624"]
[BlackElo "2758"]

1.e4 d5 2.exd5 Nf6 3.Bb5+ Nbd7 4.c4 g6 5.Nf3 Bg7 6.O-O O-O 7.Bxd7 Bxd7 8.Nc3 e6
9.dxe6 Bxe6 10.d3 Qd7 11.Ne5 Qd4 12.Nf3 Qd7 13.Ne5 Qd4 14.Nf3 Qd6 15.Bg5 Bf5
16.d4 Ne4 17.Bh4 c5 18.Nd5 Rfe8 19.Re1 h6 20.dxc5 Qxc5 21.b4 Qxc4 22.Rc1 Qxa2
23.Re2 Qa3 24.Re3 Qa2 25.Re2 Qa3 26.Re3 Qa2  1/2-1/2

[Event "15th Nat Games Tm Prelim"]
[Site "Huairou District CHN"]
[Date "2025.06.12"]
[Round "6.1"]
[White "Wei Yi"]
[Black "Bu Xiangzhi"]
[Result "1/2-1/2"]
[WhiteElo "2758"]
[BlackElo "2684"]

1.d4 Nf6 2.c4 e6 3.Nf3 d5 4.g3 dxc4 5.Bg2 Nc6 6.Qa4 Bb4+ 7.Bd2 Nd5 8.Bxb4 Nxb4
9.O-O Rb8 10.Nc3 a6 11.Ne5 O-O 12.Nxc6 Nxc6 13.Bxc6 bxc6 14.Qxc4 Qd6 15.b3 Rb4
16.Ne4 Qxd4 17.Qxd4 Rxd4 18.f3 f5 19.Nc5 Rfd8 20.Kf2 g5 21.Nd3 a5 22.Rac1 Ba6
23.Nc5 Bc8 24.Rc2 Kg7 25.Rfc1 Kf6 26.Nd3 Ba6 27.Nc5 Bc8 28.Ke1 h5 29.Rc4 Ke7
30.Ra4 Rxa4 31.Nxa4 Bb7 32.Nc5 Bc8 33.Nd3 Bb7 34.Ne5 Rd5 35.Nxc6+ Kd7 36.e4 fxe4
37.fxe4 Rb5 38.a4 Rxb3 39.Nxa5 Rb2 40.Nxb7 Rxb7 41.Rc5  1/2-1/2

[Event "15th Nat Games Tm Prelim"]
[Site "Huairou District CHN"]
[Date "2025.06.13"]
[Round "7.5"]
[White "Liu,Yan"]
[Black "Wei Yi"]
[Result "1/2-1/2"]
[WhiteElo "2536"]
[BlackElo "2758"]

1.d4 Nf6 2.c4 c6 3.Nf3 d5 4.e3 Bf5 5.Nc3 e6 6.Nh4 Be4 7.f3 Bg6 8.Qb3 Qc7
9.Bd2 Be7 10.O-O-O dxc4 11.Qxc4 a6 12.Nxg6 hxg6 13.Kb1 b5 14.Qe2 c5 15.Rc1 O-O
16.dxc5 Nbd7 17.g4 Nxc5 18.g5 Nh5 19.f4 Rad8 20.Bg2 Qd7 21.Rcd1 Qc8 22.Bc1 e5
23.Nd5 Bd6 24.Rhf1 exf4 25.exf4 Rfe8 26.Qc2 Qg4 27.Bf3 Qh3 28.Qg2 Qxg2 29.Bxg2 Re2
30.Rd2 Rde8 31.Bf3 Re1 32.Rd1 Rxf1 33.Rxf1 Nd3 34.Bd2 Nhxf4 35.Nxf4 Nxf4
36.Bxf4 Bxf4 37.Bd5 Re5 38.Bxf7+ Kxf7 39.Rxf4+ Rf5 40.Rg4 Ke6 41.a4 Rf1+
42.Ka2 Kf5 43.Rb4 Rf4 44.Ka3 Rf3+ 45.b3 bxa4 46.Rxa4 Kxg5 47.Rxa6 Rh3 48.Ka4 Rxh2
49.b4 Kf5 50.b5 g5 51.b6 Ra2+ 52.Kb5 Rb2+ 53.Kc6 g4 54.Ra5+ Ke4 55.Rg5 Kf3
56.Rxg7 g3 57.b7 g2 58.Kc7 Rxb7+ 59.Kxb7 Kf2 60.Rxg2+ Kxg2  1/2-1/2